[Event "Corus"]
[Site "Wijk aan Zee"]
[Date "2004.01.11"]
[Round "2"]
[White "Kramnik, Vladimir"]
[Black "Van Wely, Loek"]
[Result "1-0"]
[WhiteElo "2777"]
[BlackElo "2617"]
[Annotator "Rogozenco,D"]
[PlyCount "89"]
[EventDate "2004.01.10"]
[EventType "tourn"]
[EventRounds "13"]
[EventCountry "NED"]
[EventCategory "19"]
[SourceTitle "CBM 099"]
[Source "ChessBase"]
[SourceDate "2004.03.30"]
[SourceVersion "1"]
[SourceVersionDate "2004.03.30"]
[SourceQuality "1"]

1. e4 c5 2. Nf3 Nc6 3. Nc3 g6 {Switching to Dragon is fully justified here for
two reasons. First of all White won't be able to play the system with long
castle and bishop on f1 (traditionally representing the most unpleasant plan
against Dragon in the last decade). Secondly, like in the present game Black
has an additional possibility to avoid main lines with Bc4.} 4. d4 cxd4 5. Nxd4
Bg7 6. Be3 Nf6 7. Bc4 O-O (7... d6 8. f3 Qb6 {is less attractive for Black.} 9.
Nf5 $5 $36) 8. Bb3 {A rather sad necessity. If Black would have had the pawn
on d6 instead of castle, then White could play 8.f3, followed by 9.Qd2 and
0-0-0, leaving the bishop on c4 for the moment.} (8. f3 $6 Qb6 $1 $132) 8... d6
9. f3 Bd7 10. Qd2 Nxd4 {After White's early retreat with the bishop to b3 this
is the most optimal decision for Black - he gets sufficient chances in all
lines.} 11. Bxd4 b5 12. a4 (12. O-O-O a5 13. e5 dxe5 14. Bxe5 Bc6 $14 {/=.
With a precise play Black equalizes in the endgame}) (12. h4 {is the most
principled answer. After} a5 13. h5 (13. a4 bxa4 14. Nxa4 Be6 $11) 13... a4 {
Black gets reasonable chances in complication, though.}) 12... a6 {A rare, but
natural continuation.} (12... b4 {Black has a safe equality after this 
(although in the game he could hardly complain either).} 13. Nd5 Nxd5 14. Bxg7
(14. exd5 Bxd4 15. Qxd4 a5 $11) 14... Kxg7 15. exd5 Qb6 $11) (12... bxa4 {
is another playable option.}) 13. O-O Bc6 14. axb5 axb5 15. Na2 $1 {With the
knight on b4 White can claim a slight plus.} Bb7 16. Nb4 Nd7 17. Bxg7 Kxg7 18.
Rae1 {In this position White can combine two possible plans. One is to use
square d5 and some pressure in the cente, eventually forcing Black to take on
d5 and then get a target on e7. The second possible idea is to advance the
f-pawn and try to create some attack on the kingside. Neither of these should
bring Black any real problems, because he is able to prevent them or get
counterplay. However, Kramnik succeeded to implement an unexpected third idea
to conquer the a-file and obtain a slight, but lasting advantage.} Qb6+ 19. Kh1
Nf6 20. Bd5 Rac8 {Black keeps the other rook on f8 in hope that it might be
useful there. It is true that on the a-file Black had no perspectives at all,
but one could hardly guess that White will soon take over the control of
a-file.} (20... Rfc8 $5 $14 {/=}) 21. Re3 $1 {Does the rook go to g3 or h3?}
Rc5 22. Ra3 $1 $14 {[%cal Ga1e1,Ge1e3,Ge3a3] No, it goes back to the a-file!
So White conquered the a-file by transferring the rook a1 to a3 via e3. It's a
rare case of reaching something out of nothing.} Rd8 23. Rfa1 Rd7 24. Bxb7 Qxb7
25. c3 Rc4 26. Qe3 Qc8 27. Ra5 {[%csl Rb5] Black still has a very solid
position with only one weakness on b5. But it's pretty unpleasant to sit and
wait in passivity. However, this was probably the right thing to do.} Rb7 28.
Ra8 Qd7 29. Qd3 Qc7 30. g3 {Improving the position on the kingside and
unexpectedly provoking Black to start activity there.} h5 $5 {It is well-known
that Loek is not a "sitting duck". One doesn't need to provoke him twice.} (
30... Rb8 31. R8a7 Rb7 $14) 31. Kg2 Qc5 32. Qd2 h4 {Basically, White did
nothing after doubling on the a-file. But Loek didn't wish to see if White can
break his position or not and starts an interesting play himself.} 33. g4 Nxe4
$5 {It's amazing that now Black is trying to do the same - to create something
out of nothing. Apparently there are no real motifs for such sacrifice,
nevertheless Black will get three pawns for the knight and have a certain
initiative.} 34. fxe4 Rxe4 35. Nd5 (35. Kf3 $5 f5 36. g5 Rg4 $13 {[%csl Rg5]
[%cal Ge7e5,Ge5e4]}) (35. h3 $6 Qe5) 35... Rxg4+ 36. Kh3 Re4 $2 {A sad blunder.
} (36... f5 $8 $13 37. Rh8 $2 Kxh8 38. Qh6+ Kg8 39. Ra8+ Kf7 40. Qh7+ Ke6 41.
Qg8+ Ke5 {The only moves for Black, but enough to escape with the king and win.
}) 37. Rh8 $1 f6 (37... Kxh8 38. Qh6+ Kg8 39. Ra8+ {with mate.}) 38. Rxh4 (38.
Qh6+ Kf7 39. Rh7+ Ke6 40. Qxg6 $18) 38... Rxh4+ 39. Kxh4 e6 40. Nb4 Rb8 41. Kg3
d5 42. Kg2 {Back home. Two pawns for the knight are obviously not enough. The
initiative is lost as well.} Rh8 43. Nd3 Qb6 44. Nf4 g5 45. Qd4 (45. Qd4 $1
Qxd4 46. Nxe6+ $18) 1-0

[Event "Corus"]
[Site "Wijk aan Zee"]
[Date "2004.01.20"]
[Round "9"]
[White "Kramnik, Vladimir"]
[Black "Anand, Viswanathan"]
[Result "1/2-1/2"]
[WhiteElo "2777"]
[BlackElo "2766"]
[Annotator "Ftacnik,L"]
[PlyCount "49"]
[EventDate "2004.01.10"]
[EventType "tourn"]
[EventRounds "13"]
[EventCountry "NED"]
[EventCategory "19"]
[SourceTitle "CBM 099"]
[Source "ChessBase"]
[SourceDate "2004.03.30"]
[SourceVersion "1"]
[SourceVersionDate "2004.03.30"]
[SourceQuality "1"]

1. e4 c5 2. Nf3 d6 3. d4 cxd4 4. Nxd4 Nf6 5. Nc3 a6 6. Be2 e5 7. Nb3 Be7 8. Bg5
Be6 9. Bxf6 Bxf6 10. Qd3 Nc6 11. O-O-O Be7 12. Kb1 O-O (12... Nd4 13. Nxd4 exd4
14. Nd5 Bxd5 15. exd5 O-O 16. Qf3 $1 $14 {was the idea of Kramnik, when white
can proceed with Bd3 and advance of the kingside pawns.}) 13. Nd5 Bg5 14. h4 $1
{Kramnik is rushing his activity, since the slower method might not bring him
anything.} (14. g3 a5 $5 15. a3 a4 16. Nd2 Bxd5 17. Qxd5 Nd4 18. Bd3 Bxd2 19.
Rxd2 $11) 14... Bxh4 15. g3 (15. f4 exf4 16. Nxf4 Bxb3 17. Qxb3 Bg5 $1 18. Nd5
(18. Ne6 $2 fxe6 19. Qxe6+ Kh8 $19) 18... b5 19. Bg4 $11) 15... Bf6 (15... Be7
16. f4 a5 17. c3 a4 18. Nd2 a3 19. b3 $14) 16. Qf3 Bg5 $5 (16... h6 17. Nxf6+
Qxf6 18. Qxf6 gxf6 19. Rxd6 $14) 17. Qh5 h6 18. f4 Bf6 19. Nd2 $5 {White was
unhappy about this move, but alternative 19.c3 was much slower and bearable
for black.} (19. c3 Bxd5 20. exd5 Ne7 21. Nd2 exf4 22. gxf4 Ng6 23. Rdg1 Qe7
24. f5 (24. Bd3 Qe3 $1 $15) 24... Rae8 25. Bd1 Qe3 $11) 19... Nd4 20. Bc4 (20.
Bd3 Bxd5 21. exd5 Re8 22. Ne4 (22. c3 Nb5) 22... exf4 23. gxf4 Rxe4 $3 (23...
Nb5 24. Rde1 Kf8 25. Qf5 $16) 24. Bxe4 Qb6 25. c3 Nb5 26. Kc2 Qc5 27. Rh3 Qc4
$13) 20... Rc8 $1 (20... b5 21. Bd3 $1) 21. c3 Nb5 (21... b5 22. Bd3 Nc6 23. f5
Bxd5 24. exd5 Na5 25. Ne4 $13) 22. f5 Bxd5 23. Bxd5 Rxc3 $3 {[%mdl 64] Anand
understands the dangers on the kingside so he bravely sacrifices material for
the strong counterplay.} (23... Qb6 24. Ka1 Qe3 25. Nc4 Rxc4 26. Bxc4 Qxe4 27.
Bd5 $16) 24. Qg6 $1 (24. bxc3 Nxc3+ 25. Kc2 Nxd5 $1 26. exd5 Qa5 (26... Qb6 $6
27. Rb1 (27. Nb3 $6 Rc8+ 28. Kb1 Rc3 29. Qe2 e4 $11) 27... Qc5+ 28. Kd1 $16)
27. Qf3 Rc8+ 28. Kb1 Rc3 $11) (24. a4 Na3+ $1 25. Ka2 Rxg3 26. bxa3 Qa5 $40)
24... Qb6 25. Rxh6 $1 {Kramnik was contemplating the dangerous move 25.a4, but
the tactics is favouring black. Running short of time white obeyed his
intuition and took a draw.} (25. a4 Na3+ 26. Ka2 Rc2 (26... Nc4 $5 27. Bxc4
Rxc4 28. Nxc4 Qc5 29. Qg4 Qxc4+ 30. Kb1 Rc8 $15) 27. Nb3 Qf2 28. Kxa3 Rxb2 29.
Rxh6 (29. Ra1 b5 $1 $19) 29... Ra2+ 30. Kb4 Qb6+ 31. Kc4 Qc7+ 32. Kb4 a5+ $1 (
32... Qb6+ $11) 33. Kb5 Qd7+ 34. Kb6 (34. Kc4 Qxa4+ 35. Kd3 Qb5+ 36. Bc4 Qxc4+
37. Kxc4 fxg6 $19) 34... Bd8+ 35. Ka7 b5+ $19) (25. Nb3 Qf2 $1 (25... Rxb3 26.
Bxb3 Qe3 27. Qg4 Nd4 $11) (25... Qe3 $17) 26. Rd2 Qf3 $1 $17) (25. Rxh6 $1 Na3+
26. Ka1 Nc2+ 27. Kb1 Na3+ $11) 1/2-1/2

[Event "GER-Kramnik"]
[Site "Brissago"]
[Date "2004.01.29"]
[Round "?"]
[White "Kramnik, Vladimir"]
[Black "Bischoff, Klaus"]
[Result "1/2-1/2"]
[WhiteElo "2777"]
[BlackElo "2561"]
[Annotator "Finkel,A"]
[PlyCount "51"]
[EventDate "2004.01.29"]
[EventType "match"]
[EventRounds "1"]
[EventCountry "SUI"]
[SourceTitle "CBM 100"]
[Source "ChessBase"]
[SourceDate "2004.06.01"]
[SourceVersion "1"]
[SourceVersionDate "2004.06.01"]
[SourceQuality "1"]

1. d4 e6 2. e4 d5 3. Nc3 Nf6 4. e5 Nfd7 5. f4 c5 6. Nf3 Nc6 7. Be3 a6 8. Qd2 b5
9. a3 cxd4 {Black has tried many different moves in this position, but none of
them seems to be sufficient for equality.} (9... Qb6 10. Ne2 c4 11. g4 h5 12.
gxh5 Rxh5 13. Ng3 Rh8 14. f5 $5 $36 {Kasparov,G-Radjabov,T/Linares 2003}) (9...
Bb7 10. Bd3 Qb6 11. Qf2 Rc8 12. O-O g6 13. dxc5 Bxc5 14. Bxc5 Qxc5 15. Ne2
Qxf2+ 16. Kxf2 Nc5 17. Ned4 $14 {Potkin,V-Volkov,S/Istanbul 2003}) 10. Nxd4
Nxd4 11. Bxd4 Nb8 $5 {Interesting attempt.} (11... Bc5 12. Bxc5 Nxc5 13. Qf2
Qe7 14. Bd3 O-O 15. O-O Bd7 16. Rae1 Nxd3 17. cxd3 $14 {Lejarre,L-Boukobza,A/
Avoine 2003}) 12. Bd3 Nc6 13. Bf2 {Probably the most dangerous continuation
for black, even though also after} (13. Ne2 $5 b4 (13... Nxd4 14. Nxd4 Bc5 15.
c3 f6 16. O-O O-O 17. Qe3 $14) 14. axb4 Bxb4 15. c3 Nxd4 16. Nxd4 Bc5 17. O-O (
17. Bc2 Qb6 18. Ba4+ Bd7 19. Bxd7+ Kxd7 20. f5 Rhb8 $132) 17... Qb6 18. Qf2 O-O
19. b4 Bxd4 20. Qxd4 Qxd4+ 21. cxd4 Rb8 22. Rfb1 $14 {white keeps better
chances.}) 13... Bd7 14. O-O Be7 15. Ne2 b4 16. a4 (16. c3 $5 bxc3 (16... bxa3
17. b4 O-O 18. Rxa3 a5 19. Rb3 $14) 17. Qxc3 a5 18. Qd2 O-O 19. Rac1 $14) 16...
Na5 17. f5 $6 {I guess Kramnik overestimated his chances after the e6 break,
otherwise he would've tried the more subtle} (17. Nd4 $1 Nc4 18. Qc1 Bc5 19. b3
Na5 20. f5 $36 {[%cal Gc1f4] with very unpleasent pressure.}) 17... exf5 (17...
Nc4 $6 18. Qf4 Nxb2 19. Qg3 Bf8 20. fxe6 Bxe6 21. Nf4 $36) 18. Nd4 (18. Qf4 O-O
19. Bxf5 Bxf5 20. Qxf5 Qc8 21. Qd3 Nc4 22. Qd4 Bg5 23. Rad1 Re8 $15) 18... g6
19. e6 (19. Qe2 Qc8 20. Rae1 Nc6 21. Nxc6 Qxc6 22. a5 O-O $15) 19... fxe6 20.
Qe2 Nc6 (20... Qc8 21. Rae1 Nc6 22. Nxe6 Bxe6 23. Qxe6 Qxe6 24. Rxe6 Kd7 25.
Rfe1 Bd6 $15) 21. Nxe6 Bxe6 22. Qxe6 Qd6 23. Qe2 O-O 24. Bxa6 Bf6 25. Rad1 Ne5
(25... Ne7 $5 26. Bb5 Bxb2 27. Rfe1 Bf6 28. Qe3 $44) 26. Bb5 (26. Bb5 Ng4 27.
Bg3 Qc5+ 28. Kh1 Ne3 29. Bf2 (29. Bd6 Qa7 30. Bxf8 Rxf8 31. Rf3 Nxd1 32. Qxd1
Qc5 33. Rd3 Rd8 34. b3 Kg7 $15) 29... d4 30. Bxe3 dxe3 31. Rd5 $132) 1/2-1/2

[Event "Linares 21st"]
[Site "Linares"]
[Date "2004.02.26"]
[Round "7"]
[White "Kramnik, Vladimir"]
[Black "Topalov, Veselin"]
[Result "1-0"]
[WhiteElo "2777"]
[BlackElo "2735"]
[Annotator "Ftacnik,L"]
[PlyCount "73"]
[EventDate "2004.02.19"]
[EventType "tourn"]
[EventRounds "14"]
[EventCountry "ESP"]
[EventCategory "20"]
[SourceTitle "CBM 100"]
[Source "ChessBase"]
[SourceDate "2004.06.01"]
[SourceVersion "1"]
[SourceVersionDate "2004.06.01"]
[SourceQuality "1"]

1. e4 c5 2. Nf3 d6 3. d4 cxd4 4. Nxd4 Nf6 5. Nc3 a6 6. Be3 e5 7. Nb3 Be6 8. f3
Nbd7 9. Qd2 b5 10. O-O-O h5 11. Nd5 Bxd5 12. exd5 g6 (12... Nb6 13. Bxb6 Qxb6
14. Na5 (14. Kb1 g6 15. Bd3 Bh6 16. Qe1 (16. Qe2 O-O 17. h4 b4 18. g4 Be3 19.
Nd2 Bxd2 20. Qxd2 Nxd5 21. Ka1 Qe3 22. Be4 Qxd2 23. Rxd2 Ne3 24. Bxa8 Rxa8 25.
Re1 {1-0 Seps,M-Kradolfer,C/Scuol 2001/ (45)}) 16... O-O 17. Qh4 Kg7 18. Rhe1
a5 19. a3 Rfb8 20. Nd2 Bxd2 21. Rxd2 Qc5 22. Qf2 Qxf2 23. Rxf2 Ra7 24. Rd2 Rc7
25. Be2 Nd7 26. Bd1 Nc5 27. b3 f5 {0-1 Sanchez,J-Chiong,L/Quezon City 1999/ 
(67)}) 14... Rc8 15. Kb1 Rc5 16. c4 bxc4 17. Nxc4 Qb7 18. Bd3 Be7 19. Ne3 g6
20. Rc1 Nd7 {1-0 Leyva,R-Quesada,R/Holguin 1999/ (39)}) 13. Kb1 Nb6 $6 {
Topalov will learn to regret this standard move, since Kramnik comes out with
a strong new idea.} (13... Bg7 14. Na5 Qc7 15. Nc6 Nb6 16. Bxb6 Qxb6 17. Bd3
Rc8 18. Be4 $14) 14. Qc3 $1 Be7 (14... Rc8 15. Bxb6 $18) (14... Nbxd5 15. Rxd5
$1 Rc8 16. Qd2 Nxd5 17. Qxd5 Bh6 18. Bxh6 Rxh6 19. Bd3 $16) 15. Qc6+ Nbd7 16.
Bb6 $3 {[%mdl 64] The situation is geting more serious, since tactics works
miraculously for white.} Qxb6 (16... Qc8 17. Bc7 Ra7 (17... O-O 18. Bxd6 Bxd6
19. Qxd6 Rd8 20. Na5 $16) 18. Bxd6 Qxc6 19. dxc6 Bxd6 20. Rxd6 Ke7 21. Rxd7+
Nxd7 22. cxd7 Rxd7 23. Be2 $16) 17. Qxa8+ Nb8 (17... Bd8 18. Qc6 $18) 18. Na5
$1 Nfd7 (18... O-O 19. Nc6 Nxd5 20. Nxb8 Nc7 21. Qc6 $16) 19. Nc6 Bg5 20. Qa7
Nxc6 (20... Qxa7 21. Nxa7 Nb6 22. Nc6 $16) 21. Qxb6 Nxb6 22. dxc6 Ke7 23. Rd3
Rc8 $2 {Serious innacuracy drags black into difficult position, much stronger
move 23...Nc4! promised chances for survival.} (23... d5 24. Ra3 Ra8 25. c7 $1
Kd7 26. Rxa6 $1 Rxa6 27. Bxb5+ Kxc7 28. Bxa6 $18) (23... Nc4 $1 24. g3 Rc8 25.
f4 exf4 26. Bg2 Ne5 27. Re1 h4 $14) 24. Ra3 Na4 (24... Rxc6 25. Rxa6 $18) (
24... Ra8 25. c7 Kd7 26. Rxa6 $1 $18) 25. c4 $1 Rxc6 26. Be2 (26. cxb5 $4 Rc1#)
26... Rb6 27. cxb5 axb5 28. Bxb5 $1 {Kramnik is ruthless in the endgame and
black notices with horror that knight on b2 would be trapped.} Rxb5 (28... Nxb2
$2 29. Rb3 $1 $18) 29. Rxa4 f5 30. Rd1 Be3 (30... d5 31. Ra7+ Ke6 32. Ra6+ Kf7
33. a4 $18) 31. a3 d5 (31... Bd4 32. b4 g5 33. Ra8 $18) 32. b4 d4 33. Ra5 $1
Rxa5 34. bxa5 Kd6 35. Kc2 e4 (35... Kc5 36. Rb1 e4 37. a6 d3+ 38. Kd1 Kc6 39.
Rb7 $18) 36. fxe4 fxe4 37. Re1 $1 {There is no defense against transfer into
pawn ending.} (37. Re1 $1 Kc5 38. Rxe3 dxe3 39. Kd1 Kb5 40. Ke2 Kxa5 41. Kxe3
$18) 1-0

[Event "Linares 21st"]
[Site "Linares"]
[Date "2004.02.28"]
[Round "9"]
[White "Shirov, Alexei"]
[Black "Kramnik, Vladimir"]
[Result "1/2-1/2"]
[WhiteElo "2736"]
[BlackElo "2777"]
[Annotator "Rogozenco,D"]
[PlyCount "64"]
[EventDate "2004.02.19"]
[EventType "tourn"]
[EventRounds "14"]
[EventCountry "ESP"]
[EventCategory "20"]
[SourceTitle "CBM 100"]
[Source "ChessBase"]
[SourceDate "2004.06.01"]
[SourceVersion "1"]
[SourceVersionDate "2004.06.01"]
[SourceQuality "1"]

1. e4 c5 2. Nf3 Nc6 3. d4 cxd4 4. Nxd4 Nf6 5. Nc3 e5 6. Ndb5 d6 7. Bg5 a6 8.
Na3 b5 9. Bxf6 gxf6 10. Nd5 f5 11. c3 Bg7 12. exf5 Bxf5 13. Nc2 O-O 14. Nce3
Be6 15. Bd3 f5 16. O-O Ra7 17. a4 Ne7 18. Nxe7+ Rxe7 19. axb5 axb5 20. Bc2 (20.
Bxb5 d5 21. Nc2 (21. Ra6 Kh8 $1) 21... Rb7 22. Bc6 Rxb2 23. Ra8 Qd6 24. Ra6 Qc5
25. Nb4 Qxc3 26. Bxd5 Qxb4 27. Bxe6+ {1/2-1/2 Svidler,P-Kramnik,V/Wijk aan Zee
1999}) 20... Kh8 $146 {Kramnik improves on a line which was considered
harmless for Black anyway. On the other hand with 20...Kh8 Black keeps more
fighting options, since after 20...d5 there are practically no possibilities
to play for a win.} (20... d5 21. Bb3 f4 22. Nxd5 Rd7 23. Nb4 Rxd1 24. Bxe6+
Kh8 25. Raxd1 {(1/2-1/2 Anand-Kramnik, Dortmund 2003)} Qe7 26. Bd5 e4 27. Rfe1
e3 28. Bf3 Qc5 $11 {Golubev-Rogozenko, Germany 2003.}) 21. Ra6 (21. Bb3 f4 22.
Bxe6 Rxe6 23. Nd5 f3 $1 $132) (21. Nd5 Ref7 (21... Bxd5 $5 22. Qxd5 e4 23. Qxb5
Be5 $44)) 21... e4 $5 {Sacrificing the d6-pawn. In Linares-2004 Vladimir could
claim a patent on this idea, since he did a similar sacrifice against Leko.
Kramnik certainly analyzed the present position and Shirov understandible
avoids the principled continuation. But if not taking on d6, then 21.Ra6 plays
in Black's favour and now White quickly funds himself under pressure.} 22. Nd5
(22. Rxd6 Qb8 $5 $44 {[%cal Gg7e5]}) 22... Ree8 $15 23. Nf4 (23. f4 $2 Qc8 $1 {
[%csl Ra6][%cal Gc8c5]}) (23. Qd2 f4 $1 24. Nxf4 (24. Bxe4 Bc8 {[%csl Ra6]
[%cal Ge8e4]}) 24... Qg5 25. g3 Be5 26. Kh1 Bg4 $17) (23. Re1 Be5 $15 {[%cal
Gf8g8]}) (23. Bb3 f4 $15) (23. Ra7 Qb8 $1 $15) 23... Bc4 24. Re1 Be5 25. g3 Qg5
(25... Bxf4 26. gxf4 Rg8+ 27. Kh1 Rg6 $13) 26. Ng2 f4 $5 (26... Re7 $15) 27.
Bxe4 fxg3 28. fxg3 Qf6 29. Ra1 b4 (29... d5 {leads to unnecessary
complications:} 30. Bxh7 $1 (30. Bd3 Qf2+ 31. Kh1 Qxb2 $15) 30... Kxh7 31. Ra7+
Kh6 (31... Rf7 32. Rxf7+ Qxf7 33. b3 {[%csl Rc4]} Rf8 $13) 32. Qd2+ Qg5 33.
Ra6+ $1 (33. Rh7+ $2 Kg6 $1) 33... Bf6 34. Rxf6+ Rxf6 35. Qxg5+ Kxg5 36. h4+ $1
(36. Rxe8 $4 Rf1#) 36... Kg4 37. Rxe8) ({Also not very attractive is} 29...
Qf2+ 30. Kh1 Qxb2 31. Qh5 Re7 32. Nh4 $132) 30. Bd5 Qf2+ ({Kramnik missed} 
30... Bxd5 $1 31. Qxd5 Bxc3 $1 32. Rxe8 ({not} 32. bxc3 $2 Rxe1+ 33. Rxe1 Qf2+
34. Kh1 Qf1+ 35. Rxf1 Rxf1#) 32... Bd4+ 33. Kh1 Rxe8 {White loses pawn b2.
Even if there are chances to escape, this was clearly a better continuation
for Black than the game.}) 31. Kh1 Bxd5 32. Qxd5 bxc3 (32... bxc3 33. bxc3 Bxc3
34. Rxe8 Rxe8 35. Qc6 Bxa1 36. Qxe8+ $11) 1/2-1/2